000
00287nam a22001217a 4500
008
180129b xxu||||| |||| 00| 0 eng d
041
_a
eng
080
_a
51
100
_a
37
101
_a
nat
245
_a
mathematical reasoving for elemnetary teachers
_c
loug.c.t
942
_2
udc
_c
BK
999
_c
41173
_d
41173